Tramwaje Śląskie - Linia T6 - Statystyki

Ogólne statystyki
  • Ten quiz został rozwiązany 5 razy
  • Średni wynik to 19 z 45
Statystyki odpowiedzi
Przystanek :) % Poprawnych
Bytom Szkoła Medyczna
100%
Brynów Centrum Przesiadkowe
50%
Bytom Arki Bożka
50%
Bytom Batorego
50%
Bytom Głęboka
50%
Bytom Kąpielisko
50%
Bytom Łużycka
50%
Bytom Moniuszki
50%
Bytom Park Mickiewicza
50%
Bytom Plac Sikorskiego
50%
Bytom Teatr Tańca-Rozbark
50%
Bytom Urząd Miasta
50%
Bytom Wallisa
50%
Bytom Wrocławska
50%
Chorzów AKS
50%
Chorzów Muzeum Hutnictwa
50%
Chorzów Nowa
50%
Chorzów Polna
50%
Chorzów Rynek
50%
Chorzów Stadion Śląski
50%
Chorzów Teatr Rozrywki
50%
Dąb Huta Baildon
50%
Dąb Kościół
50%
Dąb Silesia City Center
50%
Katowice Plac Miarki
50%
Katowice Rondo
50%
Katowice Rynek
50%
Katowice Sokolska
50%
Katowice Stęślickiego
50%
Katowice Św. Jana
50%
Łagiewniki Cmentarz
50%
Łagiewniki Media Markt
50%
Łagiewniki Zajezdnia
50%
Park Śląski Ogród Zoologiczny
50%
Park Śląski Wejście Główne
50%
Park Śląski Wesołe Miasteczko
50%
Rozbark Siemianowicka
50%
Brynów Drozdów
0%
Brynów Gawronów
0%
Brynów Słowików
0%
Brynów Zgrzebnioka
0%
Katowice Jordana
0%
Katowice Kościuszki Basen
0%
Katowice Kościuszki Szpital
0%
Katowice Stadion AWF
0%
Nie znaleziono quizów pasujących do podanych kryteriów
Rozkład punktacji
Procent ludzi z każdym wynikiem
Percentyl według liczby udzielonych odpowiedzi
Twoja historia wyników
Nie rozwiązałeś tego quizu